000 00612nam a2200241Ia 4500
003 OSt
005 20221005123643.0
006 a|||||r|||| 00| 0
007 ta
008 221004b |||||||| |||| 00| 0 tam d
024 _a48486
037 _cTextual
040 _aCRL
_cCRL
_btam
041 _2tam
_atam
082 _aO31,1K70,1:g, K0
100 _aRamachandran Cm.
_9633959
245 0 _aMadhuraikkalambagam
260 _c1960
650 _a TAMIL POETRY
650 _aTAMIL LITERATURE
942 _hO31,1K70,1:g, K0
_cTEXL
_2cc
999 _c1048030
_d1048030